000
00331nam a2200145Ia 4500
003
OSt
005
20240223124347.0
008
170524s9999 xx 000 0 und d
020
_a
9788120301160
040
_c
IIMT UNIVERSITY
100
_a
Dean Joel
245
0
_a
Managerial Economics
260
_a
New Delhi PHI
942
_2
ddc
_c
01
999
_c
2995
_d
2995